[Event "17th Bora Kostic Mem"]
[Site "Vrsac SRB"]
[Date "2012.11.29"]
[Round "9.2"]
[White "Sedlak, N."]
[Black "Bogosavljevic, B."]
[Result "1/2-1/2"]
[WhiteElo "2572"]
[BlackElo "2524"]
[PlyCount "63"]
[EventDate "2012.11.20"]
[SourceDate "1999.07.01"]

1. d4 d5 2. c4 c6 3. Nc3 Nf6 4. Nf3 dxc4 5. a4 Bf5 6. Ne5 Nbd7 7. Nxc4 Nb6 8.
Ne5 a5 9. f3 Nfd7 10. Nxd7 Nxd7 11. e4 Bg6 12. Be2 e6 13. O-O Bb4 14. Qb3 Qb6
15. Be3 O-O 16. Rfd1 Rfd8 17. Bc4 Ne5 18. Be2 Nd7 19. Bf2 Bc5 20. Qxb6 Bxb6 21.
Bc4 e5 22. Ne2 Kf8 23. Kf1 f6 24. Rac1 Bf7 25. Bxf7 Kxf7 26. dxe5 Bxf2 27. e6+
Kxe6 28. Kxf2 Ke7 29. Nd4 g6 30. Ke3 Nf8 31. f4 Ne6 32. Nxe6 1/2-1/2

[Event "Siberian Bank Cup"]
[Site "Novosibirsk RUS"]
[Date "2012.11.18"]
[Round "7"]
[White "Andreikin, D."]
[Black "Inarkiev, E."]
[Result "1/2-1/2"]
[WhiteElo "2723"]
[BlackElo "2693"]
[PlyCount "65"]
[EventDate "2012.11.17"]
[SourceDate "1999.07.01"]

1. d4 d5 2. Nf3 Nf6 3. c4 c6 4. Nc3 dxc4 5. a4 Bf5 6. Nh4 Bg4 7. h3 Bh5 8. g4
Bg6 9. g5 Nd5 10. Nxg6 hxg6 11. e4 Nb4 12. Be3 e5 13. dxe5 Nd7 14. e6 Ne5 15.
exf7+ Kxf7 16. f4 Bc5 17. Bxc5 Nbd3+ 18. Bxd3 Nxd3+ 19. Kf1 Nxc5 20. Kg2 Qxd1
21. Raxd1 Rad8 22. Kg3 b5 23. axb5 cxb5 24. Nxb5 Nxe4+ 25. Kg2 Rb8 26. Rhe1
Rxb5 27. Rxe4 Rxb2+ 28. Kg3 Rb3+ 29. Kg2 Rb2+ 30. Kg3 Rb3+ 31. Kg2 Rb2+ 32. Kg3
Rb3+ 33. Kg2 1/2-1/2

[Event "4th Marcel Duchamp GM"]
[Site "Buenos Aires ARG"]
[Date "2012.10.24"]
[Round "2"]
[White "Peralta, Fe"]
[Black "Felgaer, R."]
[Result "1-0"]
[WhiteElo "2593"]
[BlackElo "2579"]
[PlyCount "135"]
[EventDate "2012.10.23"]
[SourceDate "1999.07.01"]

1. d4 d5 2. c4 c6 3. Nf3 Nf6 4. Nc3 dxc4 5. a4 Bf5 6. Nh4 g6 7. Nxf5 gxf5 8. e4
Nxe4 9. Nxe4 fxe4 10. Bxc4 e6 11. O-O Bd6 12. Qg4 Nd7 13. Bxe6 fxe6 14. Bg5 Nf6
15. Qxe6+ Qe7 16. Qxf6 Qxf6 17. Bxf6 O-O 18. Bg5 Rf5 19. Bd2 Re8 20. Rfe1 Bf8
21. Bc3 Rd5 22. Rad1 Bg7 23. Kf1 Kf7 24. Rd2 Rd7 25. Rde2 Rde7 26. Re3 Bh6 27.
Rh3 Kg6 28. f3 e3 29. Ke2 Bg5 30. g4 Rd7 31. Rd1 Rd5 32. Rh5 Bf4 33. Rxd5 cxd5
34. h4 Rc8 35. Kd3 Re8 36. Ke2 Rc8 37. Rc1 Rc6 38. h5+ Kg5 39. a5 Bg3 40. b3
Bc7 41. Bb2 Bxa5 42. Rxc6 bxc6 43. Bc1 Bc3 44. Bxe3+ Kh4 45. Kf2 Bb4 46. Kg2 a6
47. Bf2+ Kg5 48. Be3+ Kh4 49. Kf2 Ba5 50. Ke2 Bb6 51. Kd3 Bc7 52. Bd2 Bd6 53.
Ba5 Be7 54. Bc7 Kh3 55. Bf4 Kh4 56. Be5 Bd8 57. Ke3 Kg5 58. Kf2 Ba5 59. Bd6 Bb6
60. Be7+ Kf4 61. Bf6 c5 62. Be5+ Kg5 63. dxc5 Bxc5+ 64. Kg3 Bb4 65. f4+ Kh6 66.
Kf3 Bc5 67. Ke2 Bb6 68. Kd3 1-0

[Event "40th Olympiad Open"]
[Site "Istanbul TUR"]
[Date "2012.08.31"]
[Round "4.5"]
[White "Paragua, M."]
[Black "Akopian, Vl"]
[Result "1/2-1/2"]
[WhiteElo "2508"]
[BlackElo "2687"]
[PlyCount "89"]
[EventDate "2012.08.28"]
[SourceDate "1999.07.01"]
[WhiteTeam "Philippines"]
[BlackTeam "Armenia"]
[WhiteTeamCountry "NKO"]
[BlackTeamCountry "AUS"]

1. d4 d5 2. c4 c6 3. Nf3 Nf6 4. Nc3 dxc4 5. a4 Bf5 6. Ne5 Nbd7 7. Nxc4 Qc7 8.
g3 e5 9. dxe5 Nxe5 10. Bf4 Nfd7 11. Bg2 g5 12. Ne3 gxf4 13. Nxf5 O-O-O 14. O-O
fxg3 15. hxg3 h5 16. Qc2 h4 17. Rfc1 hxg3 18. Nd5 gxf2+ 19. Kf1 Qa5 20. b4 Bxb4
21. Qb2 Rdg8 22. Qxb4 Qxb4 23. Nxb4 Rg4 24. Nd5 Kb8 25. Nde3 Rf4 26. Rab1 Rxa4
27. Rxc6 Nxc6 28. Bxc6 Nc5 29. Kxf2 Ra6 30. Bf3 Rf6 31. Rb5 b6 32. Ne7 Ne4+ 33.
Ke1 Re6 34. N7d5 Rc8 35. Rb1 Rg8 36. Bxe4 Rxe4 37. Kf2 Rh4 38. Rc1 Rc8 39. Rg1
Rd8 40. Rg5 Kb7 41. Rf5 Rd7 42. Nf6 Re7 43. Nfd5 Rd7 44. Nf6 Re7 45. Nfd5
1/2-1/2

[Event "14th Sants Open A Tie-Breaks"]
[Site "Barcelona ESP"]
[Date "2012.08.26"]
[Round "1.3"]
[White "Cordova, E."]
[Black "Shankland, S."]
[Result "1-0"]
[WhiteElo "2572"]
[BlackElo "2581"]
[PlyCount "59"]
[EventDate "2012.08.17"]
[SourceDate "1999.07.01"]

1. d4 d5 2. c4 c6 3. Nc3 Nf6 4. Nf3 dxc4 5. a4 Bf5 6. Nh4 e6 7. Nxf5 exf5 8. e3
Bb4 9. Bxc4 O-O 10. O-O Nbd7 11. Na2 Bd6 12. h3 Rc8 13. b4 Qe7 14. Rb1 Ne4 15.
Qb3 Qh4 16. Nc3 Ndf6 17. Nxe4 Nxe4 18. Qc2 g6 19. Bd2 Ng5 20. Be1 Nf3+ 21. Kh1
Kg7 22. Bc3 Ng5 23. f3 Qg3 24. f4 Ne4 25. Rf3 Qh4 26. Be1 Qe7 27. Bd3 Rfe8 28.
g4 Qe6 29. Bc4 Qd7 30. Qg2 1-0

[Event "32nd Bratto Masters"]
[Site "Bratto ITA"]
[Date "2012.08.26"]
[Round "9.4"]
[White "Mirzoev, A."]
[Black "Collutiis, D."]
[Result "1-0"]
[WhiteElo "2545"]
[BlackElo "2511"]
[PlyCount "73"]
[EventDate "2012.08.18"]
[SourceDate "1999.07.01"]

1. d4 Nf6 2. Nf3 d5 3. c4 c6 4. Nc3 dxc4 5. a4 Bf5 6. Ne5 Nbd7 7. Nxc4 Nb6 8.
Ne5 a5 9. Bg5 g6 10. e3 Bg7 11. Bh4 O-O 12. Be2 Nfd5 13. Nf3 Nb4 14. O-O Bg4
15. h3 Bxf3 16. Bxf3 Qd7 17. Ne4 Na6 18. Be2 Nb4 19. Rc1 Rfe8 20. Bf3 N6d5 21.
Nc5 Qc8 22. Qb3 e5 23. dxe5 Bxe5 24. Rfd1 h6 25. e4 Nb6 26. Bg4 Qc7 27. Nd7 g5
28. Bg3 Bxg3 29. Nf6+ Kh8 30. fxg3 Re7 31. Bf5 Kg7 32. Nh5+ Kh8 33. h4 Qe5 34.
hxg5 hxg5 35. g4 f6 36. Rc3 c5 37. Rh3 1-0

[Event "21st Kavala Open A"]
[Site "Kavala GRE"]
[Date "2012.07.29"]
[Round "6"]
[White "Sethuraman, S."]
[Black "Petrosian, TL."]
[Result "0-1"]
[WhiteElo "2535"]
[BlackElo "2661"]
[PlyCount "74"]
[EventDate "2012.07.25"]
[SourceDate "1999.07.01"]

1. d4 d5 2. c4 c6 3. Nf3 Nf6 4. Nc3 dxc4 5. a4 Bf5 6. Ne5 Nbd7 7. Nxc4 Qc7 8.
g3 e5 9. dxe5 Nxe5 10. Bf4 Nfd7 11. Bg2 g5 12. Ne3 gxf4 13. Nxf5 O-O-O 14. Qc2
fxg3 15. hxg3 Kb8 16. O-O h5 17. e3 h4 18. Nxh4 Rxh4 19. gxh4 Ng4 20. Rfd1 Bc5
21. Qe4 Rg8 22. Ne2 Qh2+ 23. Kf1 Nde5 24. Ng3 Bxe3 25. Ke2 Bxf2 26. Nf5 Ng6 27.
Rh1 Qc7 28. Bf3 Nf6 29. Qb4 Qe5+ 30. Kxf2 Qxf5 31. Rae1 Ne5 32. Rxe5 Qxe5 33.
Rg1 Ne4+ 34. Bxe4 Qf4+ 35. Ke2 Re8 36. Kd3 Rd8+ 37. Ke2 a5 0-1

[Event "20th Montcada Open"]
[Site "Montcada i Reixac ESP"]
[Date "2012.06.29"]
[Round "5.2"]
[White "Peralta, Fe"]
[Black "Cuartas, Ja"]
[Result "1/2-1/2"]
[WhiteElo "2590"]
[BlackElo "2523"]
[PlyCount "49"]
[EventDate "2012.06.25"]
[SourceDate "1999.07.01"]

1. d4 d5 2. c4 c6 3. Nf3 Nf6 4. Nc3 dxc4 5. a4 Bf5 6. e3 e6 7. Bxc4 Bb4 8. O-O
O-O 9. Qe2 Nbd7 10. e4 Bg6 11. Bd3 Bh5 12. e5 Nd5 13. Nxd5 cxd5 14. Qe3 Be7 15.
Ne1 Nb8 16. Qh3 Bg6 17. Bxg6 hxg6 18. Nf3 Nc6 19. Qg4 Rc8 20. h4 Qb6 21. Be3
Qb3 22. h5 gxh5 23. Qxh5 Qd3 24. Rac1 Qf5 25. Qxf5 1/2-1/2

[Event "45th Biel Masters Open"]
[Site "Biel SUI"]
[Date "2012.07.30"]
[Round "7"]
[White "Movsesian, S."]
[Black "Melkumyan, H."]
[Result "1/2-1/2"]
[WhiteElo "2698"]
[BlackElo "2639"]
[PlyCount "35"]
[EventDate "2012.07.23"]
[SourceDate "1999.07.01"]

1. d4 d5 2. c4 c6 3. Nc3 Nf6 4. Nf3 dxc4 5. a4 Bf5 6. e3 e6 7. Bxc4 Bb4 8. O-O
Nbd7 9. Qe2 O-O 10. e4 Bg6 11. e5 Nd5 12. Nxd5 cxd5 13. Bd3 Bxd3 14. Qxd3 Be7
15. Bd2 a6 16. Bc3 Rc8 17. Nd2 Nb8 18. f4 1/2-1/2

[Event "Turkish Bank Chess League 2012"]
[Site "Konya TUR"]
[Date "2012.07.22"]
[Round "13"]
[White "Esen, B."]
[Black "Deviatkin, A."]
[Result "1/2-1/2"]
[WhiteElo "2575"]
[BlackElo "2590"]
[PlyCount "28"]
[EventDate "2012.07.11"]
[SourceDate "1999.07.01"]
[WhiteTeam "Antalya Calli"]
[BlackTeam "Adana Truva"]

1. d4 d5 2. Nf3 Nf6 3. c4 c6 4. Nc3 dxc4 5. a4 Bf5 6. Ne5 e6 7. f3 Bb4 8. e4
Bxe4 9. fxe4 Nxe4 10. Bd2 Qxd4 11. Nxe4 Qxe4+ 12. Qe2 Bxd2+ 13. Kxd2 Qd5+ 14.
Kc2 Na6 1/2-1/2

[Event "11th Bergamo Open Elite"]
[Site "Bergamo ITA"]
[Date "2012.07.14"]
[Round "4.3"]
[White "Sumets, A."]
[Black "Brunello, S."]
[Result "1/2-1/2"]
[WhiteElo "2618"]
[BlackElo "2586"]
[PlyCount "21"]
[EventDate "2012.07.13"]
[SourceDate "1999.07.01"]

1. Nf3 d5 2. d4 Nf6 3. c4 c6 4. Nc3 dxc4 5. a4 Bf5 6. e3 e6 7. Bxc4 Bb4 8. O-O
Nbd7 9. Qe2 O-O 10. e4 Bg4 11. Rd1 1/2-1/2

[Event "Turkish Bank Chess League 2012"]
[Site "Konya TUR"]
[Date "2012.07.12"]
[Round "2"]
[White "Kasimdzhanov, R."]
[Black "Deviatkin, A."]
[Result "1/2-1/2"]
[WhiteElo "2690"]
[BlackElo "2590"]
[PlyCount "168"]
[EventDate "2012.07.11"]
[SourceDate "1999.07.01"]
[WhiteTeam "Istanbul ISEK Aquamatch"]
[BlackTeam "Adana Truva"]

1. d4 d5 2. c4 c6 3. Nf3 Nf6 4. Nc3 dxc4 5. a4 Bf5 6. e3 e6 7. Bxc4 Bb4 8. O-O
Nbd7 9. Qe2 Bg6 10. e4 O-O 11. Bd3 Bh5 12. e5 Nd5 13. Nxd5 cxd5 14. Qe3 Be7 15.
Bd2 Nb8 16. Bc3 a5 17. Ne1 Nc6 18. Qh3 Bg6 19. Bxg6 hxg6 20. f4 Rb8 21. Nf3 b5
22. axb5 Rxb5 23. Kh1 Rb3 24. g4 Qd7 25. Rae1 Rfb8 26. Re3 a4 27. Ng5 Bxg5 28.
fxg5 a3 29. bxa3 Rb1 30. Ref3 Qa7 31. Rxb1 Rxb1+ 32. Rf1 Rb3 33. Qe3 Qxa3 34.
Rf3 Qa2 35. Qf4 Qb1+ 36. Rf1 Qa2 37. Rf3 Qb1+ 38. Rf1 Qe4+ 39. Qxe4 dxe4 40.
Rc1 Ne7 41. Be1 Nd5 42. Bg3 Ne3 43. Bf2 Nd5 44. Re1 e3 45. Bg3 Rb2 46. Kg1 Rd2
47. h3 Rxd4 48. Kg2 Rd3 49. Re2 Nc3 50. Re1 e2 51. h4 Kh8 52. Bh2 Kh7 53. Bg3
Kg8 54. Bh2 Kf8 55. Bg3 Rd4 56. Kf3 Kg8 57. Bh2 Rd2 58. Bg3 Kf8 59. Bh2 Ke7 60.
Bg3 Rd3+ 61. Kg2 Rd4 62. Kf3 Rd5 63. Bh2 Rd3+ 64. Kg2 Rd1 65. Bg3 Ke8 66. Kf3
Rd2 67. Bh2 Ra2 68. Bg3 Ra4 69. Bh2 Rd4 70. Bg3 Rd3+ 71. Kg2 Nd5 72. Kf2 Ne3
73. Kxe2 Rb3 74. Rg1 Nxg4 75. Bf4 Rb2+ 76. Kf3 Nf2 77. Ra1 Nd3 78. Ra8+ Kd7 79.
Ra7+ Kc6 80. Rxf7 Rf2+ 81. Ke3 Rxf4 82. Rxg7 Rxh4 83. Kxd3 Kd5 84. Rxg6 Kxe5
1/2-1/2

[Event "Turkish Bank Chess League 2012"]
[Site "Konya TUR"]
[Date "2012.07.16"]
[Round "6"]
[White "Gagunashvili, M."]
[Black "Chadaev, N."]
[Result "0-1"]
[WhiteElo "2578"]
[BlackElo "2580"]
[PlyCount "134"]
[EventDate "2012.07.11"]
[SourceDate "1999.07.01"]
[WhiteTeam "Tarsus Zeka"]
[BlackTeam "Adana Truva"]

1. d4 d5 2. c4 c6 3. Nc3 dxc4 4. Nf3 Nf6 5. a4 Bf5 6. Ne5 Nbd7 7. Nxc4 Nb6 8.
Ne5 a5 9. e3 h6 10. f3 e6 11. e4 Bh7 12. Be2 Be7 13. Be3 O-O 14. O-O Nfd7 15.
Nd3 Nc4 16. Bf2 e5 17. dxe5 Ndxe5 18. Nxe5 Nxe5 19. Qb3 Qc8 20. Rad1 Kh8 21. f4
Ng6 22. Be3 f6 23. Bc4 Bg8 24. Bxg8 Rxg8 25. Ne2 Bb4 26. f5 Ne5 27. Nf4 Qe8 28.
Ne6 Qf7 29. Bf4 Nd7 30. Rf3 Nc5 31. Nxc5 Bxc5+ 32. Kh1 Qxb3 33. Rxb3 Rad8 34.
Rf1 Rge8 35. Rxb7 Rxe4 36. Bc7 Rd5 37. Bxa5 Rxa4 38. Bc3 Rxf5 39. Rd1 Rd5 40.
Re1 Bd4 41. Bxd4 Raxd4 42. Kg1 Rd2 43. Ree7 Kh7 44. Re3 Rf5 45. Rf3 Rb5 46.
Rxb5 cxb5 47. Rb3 Rd5 48. Kf2 g5 49. Kf3 Kg6 50. g4 h5 51. h3 f5 52. gxf5+ Kxf5
53. Re3 Rd4 54. Rc3 Ke5 55. Ke2 Kd5 56. Rg3 g4 57. hxg4 hxg4 58. Rc3 Rc4 59.
Rb3 Kc5 60. Rg3 Rb4 61. Rc3+ Kd4 62. Rd3+ Ke5 63. b3 Re4+ 64. Kf2 Rf4+ 65. Ke2
Rf3 66. Rd8 Rxb3 67. Rg8 Kf4 0-1

[Event "8th RUS-CHN Summit Men Rapid"]
[Site "St Petersburg RUS"]
[Date "2012.07.07"]
[Round "2"]
[White "Matlakov, M."]
[Black "Wang Yue"]
[Result "1/2-1/2"]
[WhiteElo "2668"]
[BlackElo "2697"]
[PlyCount "84"]
[EventDate "2012.07.07"]
[SourceDate "1999.07.01"]

1. d4 d5 2. c4 c6 3. Nc3 Nf6 4. Nf3 dxc4 5. a4 Bf5 6. e3 e6 7. Bxc4 Nbd7 8. O-O
Bb4 9. Qe2 Bg4 10. h3 Bxf3 11. Qxf3 O-O 12. Rd1 Qa5 13. e4 e5 14. d5 Bxc3 15.
bxc3 cxd5 16. exd5 Rac8 17. Ba2 Rxc3 18. Qf5 Qxa4 19. Bb2 Qc2 20. Qxc2 Rxc2 21.
Rdb1 Ne4 22. Ba3 Nec5 23. Rb5 b6 24. Bb1 Rd2 25. Bxc5 bxc5 26. Rxa7 Nf6 27. Ba2
Ne4 28. d6 g6 29. Bb3 Nxd6 30. Rxc5 Rb8 31. Rd5 Rxd5 32. Bxd5 Rb1+ 33. Kh2 Rd1
34. Bb3 Rd3 35. Ba2 Rd2 36. Kg1 Kf8 37. h4 h5 38. g3 e4 39. Kf1 Rd1+ 40. Ke2
Ra1 41. Ke3 f6 42. Ra6 Ke7 1/2-1/2

[Event "8th RUS-CHN Summit Men Rapid"]
[Site "St Petersburg RUS"]
[Date "2012.07.08"]
[Round "8"]
[White "Matlakov, M."]
[Black "Li Chao2"]
[Result "0-1"]
[WhiteElo "2668"]
[BlackElo "2687"]
[PlyCount "78"]
[EventDate "2012.07.07"]
[SourceDate "1999.07.01"]

1. d4 d5 2. c4 c6 3. Nc3 Nf6 4. Nf3 dxc4 5. a4 Bf5 6. e3 e6 7. Bxc4 Bb4 8. O-O
Nbd7 9. Qe2 Bg6 10. e4 Bxc3 11. bxc3 Nxe4 12. Ba3 Qc7 13. Rfc1 a6 14. Bb3 c5
15. Nh4 Nef6 16. d5 e5 17. c4 O-O 18. Bb2 Qd6 19. a5 e4 20. Bc3 Ne5 21. h3 Rae8
22. Nxg6 fxg6 23. Ba4 Re7 24. Rcb1 Nd3 25. Rb6 Qf4 26. Qe3 Qh4 27. Rf1 Nh5 28.
Re6 Rxe6 29. dxe6 Nhf4 30. Bd7 Qg5 31. g3 Nxh3+ 32. Kh2 Nhf4 33. Qxe4 Qh5+ 34.
Kg1 Ne2+ 35. Kg2 Ndf4+ 36. gxf4 Nxf4+ 37. Kg1 Qg4+ 38. Kh2 Qh4+ 39. Kg1 Nh3+
0-1

[Event "65th ch-RUS HL"]
[Site "Tyumen RUS"]
[Date "2012.06.27"]
[Round "11"]
[White "Matlakov, M."]
[Black "Popov, Iv RUS"]
[Result "1-0"]
[WhiteElo "2668"]
[BlackElo "2609"]
[PlyCount "95"]
[EventDate "2012.06.16"]
[SourceDate "1999.07.01"]

1. d4 d5 2. Nf3 Nf6 3. c4 dxc4 4. Nc3 c6 5. a4 Bf5 6. e3 e6 7. Bxc4 Bb4 8. O-O
Nbd7 9. Qe2 Bg6 10. e4 O-O 11. Bd3 Bh5 12. e5 Nd5 13. Nxd5 cxd5 14. Qe3 Be7 15.
Bd2 Nb8 16. Ne1 Nc6 17. Qh3 Bg6 18. Bxg6 hxg6 19. Nf3 Na5 20. Rad1 Rc8 21. Qg4
Rc4 22. h4 Nb3 23. Be3 Qe8 24. g3 f5 25. exf6 Bxf6 26. Bg5 e5 27. Bxf6 gxf6 28.
h5 g5 29. Qf5 Nxd4 30. Nxd4 exd4 31. b3 Rb4 32. Qxd5+ Qf7 33. Qc5 Rxb3 34. Rxd4
Rb6 35. Rfd1 Rc6 36. Qxa7 Rc7 37. Qb6 Re7 38. Qb4 Rfe8 39. g4 Qe6 40. Rd6 Qe2
41. Rd8 Rxd8 42. Rxd8+ Kg7 43. Rd4 Qe6 44. Qb5 Rc7 45. Qd3 Rc1+ 46. Kh2 f5 47.
Rd7+ Kf8 48. Qd4 1-0